00820nac a22002411u 4500010001600000020002100016020002100037082001300058090001500071100003400086245005800120250001200178260005500190300003300245500002000278500002700298511002800325650003700353650004200390942001500432999001500447952011600462 a 99086245 a0419257306 (HBK) a0419257403 (PBK)00a696bCHA c8366d8366 aChadderton, David V. 10aBuilding services engineering /cDavid V. Chadderton. a3rd ed. aLondon :aNew York :bE & FN Spon,C.2000.cC.2000. axx, 374 p. :bill. ;c26 cm. aIncludes index. aDistributer: Al-Ahram. aCatalogued By: Mahitab. 0aBuildingsxMechanical equipment. 0aBuildingsxEnvironmental engineering. cBBk696CHA c8366d8366 00104070aMAINbMAINc1STd2008-03-05ePurchasel6m4o696CHAp000010182r2025-07-15 00:00:00s2014-12-02yBB